000 00205 a2200097 4500
001 27307
100 _aBates, M
245 _aEngineering science
260 _a
_bGeorge allen
_c1974
090 _c18134
_d18134
942 _aNUST-CAE
_cM
_c9041
999 _c262380
_d262380